| 000 | 00680cam a2200229u 4500 | ||
|---|---|---|---|
| 999 |
_c23720 _d23720 |
||
| 001 | 7498207 | ||
| 003 | BDDh-ASL | ||
| 005 | 20231015030258.0 | ||
| 008 | 820428s1961 enk 000 0 eng | ||
| 010 | _a 61041019 | ||
| 040 |
_aDLC _cCarP _dDLC _dBDDh-ASL |
||
| 050 | 0 | 0 |
_aBP189.7.M42 _bA323 |
| 082 |
_a922 _bARD |
||
| 100 | 0 |
_aJalāl al-Dīn Rūmī, _cMaulana, _d1207-1273. |
|
| 245 | 1 | 0 | _aDiscourses of Rūmī / |
| 260 |
_aLondon : _bJ. Murray, _c[1961] |
||
| 300 |
_aix, 276 p. : _c22 cm. |
||
| 650 | 0 |
_aIslam _vPrayers and devotions. |
|
| 700 | 1 |
_aArberry, A. J. _q(Arthur John), _d1905-1969. |
|
| 906 |
_a0 _bcbc _cpremunv _du _encip _f19 _gy-gencatlg |
||
| 942 |
_2ddc _cBK |
||